000 00377nam a2200157 4500
001 46056
090 _a46056
100 _a20260427 pory50
101 _apor
102 _aPT
200 _aOleiros e Olaria
_dIn Oleiros e Olaria
_fSantos Junior
210 _a[Não identificado]
_c[Não identificado]
_d1940
215 _a1 v.
675 _a738
801 _aPT
_gRPC
990 _cLIVROS